The influence of crossbreeding Cameroon hair sheep with West Malaysian wool sheep on coat characteristics /
Saved in:
| Main Author: | |
|---|---|
| Format: | Thesis Book |
| Language: | English |
| Published: |
1998.
|
| Subjects: | |
| Tags: |
Add Tag
No Tags, Be the first to tag this record!
|
| LEADER | 00819cam a2200229 a 4500 | ||
|---|---|---|---|
| 001 | u457334 | ||
| 003 | SIRSI | ||
| 008 | 000425s1998 gw v 00 eng | ||
| 035 | |a ACJ-8673 | ||
| 040 | |a UMM | ||
| 090 | |a S F376.2 |b Sch | ||
| 100 | 1 | 0 | |a Schäfer, Cornelia. |
| 245 | 1 | 4 | |a The influence of crossbreeding Cameroon hair sheep with West Malaysian wool sheep on coat characteristics / |c Cornelia Schafer. |
| 260 | |a 1998. | ||
| 300 | |a vi, 185 p. : |b ill. ; |c 21 cm. | ||
| 502 | |a Thesis (Dr.rer.agr.) - Humboldt Universitat zu Berlin, 1998. | ||
| 504 | |a Bibliography : p. 147-159 | ||
| 650 | 0 | |a Hair sheep |x Breeding. | |
| 650 | 0 | |a Sheep |x Breeding. | |
| 948 | |a 25/04/2000 |b 24/09/2003 | ||
| 596 | |a 1 | ||
| 999 | |a SF376.2 SCH |w LC |c 1 |i A509544603 |l STACKS |m P01UTAMA |r Y |s Y |t TESIS |u 30/5/2000 |o .STAFF. .COMMENT. GIFT-PROF.T.K. MUKHERJEE | ||
